00745nam a2200241Ia 450000500170000000800410001702000230005804000190008104100120010008200130011224500630012526000370018830000100022550400500023563000260028565000140031165100170032570000250034285000110036794200070037899900160038595201020040120231116110514.0131103s9999 xx 000 0 und d a8178351242cRs 525 aLoreto College aEnglish a323bGOV aGovernance and Human RightscEdited by Bharat Jhunjhunwala aDelhibKalpaz Publicationsc2002 a260p  aIncludes bibliographical references and index aPublic Administration aSociology aHuman Rights aJhunjhunwala, Bharat aLCLIB  cBK c4550d55029 00102ddc4070aMAINbMAINd2013-11-04l0o323 GOV 43843pB4426r2013-11-04w2013-11-04yBKf